| 000 | 00533nam a22001937a 4500 | ||
|---|---|---|---|
| 003 | CEME | ||
| 005 | 20210628205653.0 | ||
| 008 | 210312b xxu||||| |||| 00| 0 eng d | ||
| 020 | _a0-632-04075-0 | ||
| 040 | _c. | ||
| 082 | _a621.31934 ELE | ||
| 100 |
_aMoore, G. F _976558 |
||
| 245 | _aElectric cables handbook bicc cables | ||
| 250 | _a3RD | ||
| 260 |
_aNEWYORK _bBLACKWELL SCIENCE _c1997 |
||
| 300 | _a1098P | ||
| 650 |
_aCABLES TRANSMISSION SYSTEMS-CABLES CABLES FOR COMMUNICATION APPLICATIONS _976559 |
||
| 942 |
_cBK _2ddc |
||
| 999 |
_c581931 _d581931 |
||